Negative devices used in negative sentences in English and Vietnamese /

Saved in:
Bibliographic Details
Main Author: Nguyễn Trần Phương Thảo
Format: Unknown
Language:English
Published: 2003.
Subjects:
Tags: Add Tag
No Tags, Be the first to tag this record!
Institutions: Mạng thư viện Đại học Đà Nẵng
LEADER 01137na a2200313 4500
001 000031162
003 5636
005 20230306092451.0
008 151001s2003 000 eng
040 |a LNN 
041 |a eng 
082 |a 420.4  |b NG-T 
100 |a Nguyễn Trần Phương Thảo 
245 0 |a Negative devices used in negative sentences in English and Vietnamese /  |c Nguyễn Trần Phương Thảo. 
260 |c 2003. 
300 |a 42tr. : mh ; 30cm. 
650 |a Negative devices used in negative sentences in English and Vietnamese, 2003, 42tr 
852 |c Luận văn sinh viên 
OWN |a LNN 
AVA |a UDN50  |b LNN  |c English  |d 420.4 NG-T  |e available  |t Error 5001 Not defined in file expand_doc_bib_avail.  |f 1  |g 0  |h N  |i 0  |j AN  |k 1 
999 |a From the UDN01 
AVA |a UDN50  |b LNN  |c English  |d 420.4 NG-T  |e available  |t Error 5001 Not defined in file expand_doc_bib_avail.  |f 1  |g 0  |h N  |i 0  |j AN  |k 1 
TYP |a Printed language 
980 |a Mạng thư viện Đại học Đà Nẵng